[Event "Foment Martinenc op-B 18th"]
[Site "Barcelona"]
[Date "2016.05.07"]
[Round "3"]
[White "Pascual Gonzalez, Novelles Carle"]
[Black "Santiago Arauco, Aleix"]
[Result "1-0"]
[WhiteElo "1839"]
[BlackElo "1848"]
[PlyCount "77"]
[EventDate "2016.04.23"]
[EventType "swiss"]
[EventRounds "9"]
[EventCountry "ESP"]
[SourceTitle "EXT 2017"]
[Source "ChessBase"]
[SourceDate "2016.10.25"]
[SourceVersion "1"]
[SourceVersionDate "2016.10.25"]
[SourceQuality "1"]

1. e4 e6 2. d4 d5 3. Nc3 c5 4. exd5 exd5 5. Nf3 Nf6 6. Be2 Nc6 7. Bg5 c4 8. 0-0 Be7 9. Re1 0-0 10. Ne5 Bf5 11. Bf3 Nb4 12. Rc1 h6 13. Bxf6 Bxf6 14. a3 Nc6 15. Bxd5 Bxe5 16. dxe5 Re8 17. Qf3 Qd7 18. Qf4 Bg4 19. Bxc4 Qf5 20. Qxf5 Bxf5 21. f4 Nd4 22. Ne4 Bg6 23. Nd6 Red8 24. c3 Ne6 25. f5 Rxd6 26. exd6 Bxf5 27. Rcd1 Rd8 28. h3 Nc5 29. Re7 Bg6 30. Rf1 Rxd6 31. Bxf7+ Kh7 32. b4 Na4 33. Bxg6+ Kxg6 34. Rff7 Nxc3 35. Rxg7+ Kh5 36. Rxb7 a6 37. Rbd7 Re6 38. Rde7 Rd6 39. Re5+ 1-0